| 000 | 00363nam a2200145Ia 4500 | ||
|---|---|---|---|
| 008 | 230917s9999||||xx |||||||||||||| ||und|| | ||
| 040 |
_e105354 _aMAIN |
||
| 041 | _aEnglish | ||
| 082 | _a005.133 H169M | ||
| 100 | _aHalvorson, Michael | ||
| 245 | 0 | _aMicrosoft Visual basic.NET step by step | |
| 260 |
_aNew Delhi _bPHI _c2002 |
||
| 300 | _a624 p. | ||
| 942 | _cBK | ||
| 999 |
_c120311 _d120311 |
||